00989nam a2200205 a 450000100100000000500170001000800410002702000150006804000250008308200150010810000340012324501060015726001240026330000340038749000970042150400310051883001040054995201130065399900170076600004188420201002035818.0131021s2000 sp a 000 0 spa d a8400079981 aDO-SdBNPbspacBNPHU axxxbA352t1 aAlcina Franch, José.96877210aTemazcalli :bhigiene, terapéutica, obstetricia y ritual en el nuevo mundo /cJosé Alcina Franch. aSevilla :bEscuela de Estudios Hispano-Americanos de Sevilla, Consejo Superior de Investigaciones Científicas,c2000. a241 p. :bil., maps ;c20 cm.1 aPublicaciones de la escuela de estudios hispano-americanos de la Universidad de Sevillav403 aBibliografía: p. 313-341 0aPublicaciones de la escuela de estudios hispano-americanos de la Universidad de Sevillan403968773 001050718MOaGRbGRcCTd2013-10-21iLF1l0oxxx A352tp41884-10r2020-06-25w2020-06-25y1ZNo se presta c41373d41373